[Event "European Individual Chess Championship 2017"]
[Site "?"]
[Date "2017.06.08"]
[Round "9.55"]
[White "Sarana, Alexey"]
[Black "Pantsulaia, Levan"]
[Result "1-0"]
[BlackElo "2594"]
[WhiteElo "2472"]
[LiveChessVersion "1.4.8"]

1. d4 {[%clk 1:30:57]} Nf6 {[%clk 1:30:52]} 2. c4 {[%clk 1:31:21]} c5
{[%clk 1:30:38]} 3. d5 {[%clk 1:31:36]} e6 {[%clk 1:31:01]} 4. Nc3
{[%clk 1:32:00]} exd5 {[%clk 1:31:24]} 5. cxd5 {[%clk 1:32:27]} d6
{[%clk 1:31:48]} 6. e4 {[%clk 1:32:51]} g6 {[%clk 1:32:13]} 7. Bd3
{[%clk 1:32:48]} Bg7 {[%clk 1:32:35]} 8. h3 {[%clk 1:33:12]} O-O {[%clk 1:32:58]}
9. Nf3 {[%clk 1:33:38]} Re8 {[%clk 1:32:30]} 10. O-O {[%clk 1:33:57]} Na6
{[%clk 1:30:41]} 11. Re1 {[%clk 1:33:58]} Nc7 {[%clk 1:31:07]} 12. a4
{[%clk 1:33:11]} a6 {[%clk 1:31:33]} 13. Bg5 {[%clk 1:24:03]} h6 {[%clk 1:30:40]}
14. Be3 {[%clk 1:17:30]} Rb8 {[%clk 1:28:10]} 15. Qd2 {[%clk 1:12:54]} Kh7
{[%clk 1:19:25]} 16. Bf4 {[%clk 0:58:27]} Nh5 {[%clk 1:03:32]} 17. Bh2
{[%clk 0:58:01]} b5 {[%clk 1:03:51]} 18. axb5 {[%clk 0:58:02]} Nxb5
{[%clk 0:36:22]} 19. e5 {[%clk 0:56:45]} Nd4 {[%clk 0:35:29]} 20. Qd1
{[%clk 0:49:35]} Rxb2 {[%clk 0:25:46]} 21. Nxd4 {[%clk 0:47:03]} cxd4
{[%clk 0:25:13]} 22. Na4 {[%clk 0:47:11]} Rb4 {[%clk 0:20:39]} 23. exd6
{[%clk 0:38:16]} Nf6 {[%clk 0:19:07]} 24. Nc5 {[%clk 0:38:26]} Rxe1+
{[%clk 0:15:36]} 25. Qxe1 {[%clk 0:38:55]} Nxd5 {[%clk 0:15:59]} 26. Qe4
{[%clk 0:34:06]} Nf6 {[%clk 0:15:24]} 27. Qa8 {[%clk 0:34:19]} Nd7
{[%clk 0:14:00]} 28. Rc1 {[%clk 0:29:16]} Nb6 {[%clk 0:11:03]} 29. Qf3
{[%clk 0:21:05]} Qf6 {[%clk 0:11:04]} 30. Nxa6 {[%clk 0:20:21]} Rb2
{[%clk 0:07:27]} 31. Qxf6 {[%clk 0:19:39]} Bxf6 {[%clk 0:07:56]} 32. Nc5
{[%clk 0:19:59]} Bg5 {[%clk 0:04:09]} 33. Ra1 {[%clk 0:18:19]} Nd7
{[%clk 0:02:29]} 34. Nxd7 {[%clk 0:16:11]} Bxd7 {[%clk 0:02:58]} 35. Be5
{[%clk 0:16:32]} Rd2 {[%clk 0:02:15]} 36. Bc4 {[%clk 0:14:39]} d3
{[%clk 0:02:11]} 37. Ra7 {[%clk 0:10:52]} Rd1+ {[%clk 0:02:34]} 38. Kh2
{[%clk 0:11:21]} Rc1 {[%clk 0:01:58]} 39. Bxf7 {[%clk 0:11:09]} Rc5
{[%clk 0:00:34]} 40. Bd4 {[%clk 0:41:01]} Bf4+ {[%clk 0:30:53]} 41. g3
{[%clk 0:41:23]} Bxg3+ {[%clk 0:30:34]} 42. Kxg3 {[%clk 0:41:35]} Rg5+
{[%clk 0:30:55]} 43. Kh2 {[%clk 0:41:59]} 1-0

[Event "European Individual Chess Championship 2017"]
[Site "?"]
[Date "2017.06.08"]
[Round "9.56"]
[White "Can, Emre"]
[Black "Repka, Christopher"]
[Result "1-0"]
[BlackElo "2452"]
[WhiteElo "2589"]
[LiveChessVersion "1.4.8"]

1. d4 {[%clk 1:30:42]} d5 {[%clk 1:28:33]} 2. c4 {[%clk 1:30:52]} c6
{[%clk 1:28:56]} 3. Nf3 {[%clk 1:30:48]} Nf6 {[%clk 1:29:22]} 4. e3
{[%clk 1:31:08]} Bf5 {[%clk 1:24:00]} 5. Nc3 {[%clk 1:31:05]} e6 {[%clk 1:24:25]}
6. Nh4 {[%clk 1:30:36]} Bg6 {[%clk 1:24:42]} 7. Nxg6 {[%clk 1:28:00]} hxg6
{[%clk 1:24:45]} 8. a3 {[%clk 1:28:22]} Nbd7 {[%clk 1:25:07]} 9. Bd2
{[%clk 1:25:22]} Bd6 {[%clk 1:25:31]} 10. c5 {[%clk 1:22:13]} Bc7
{[%clk 1:23:20]} 11. f4 {[%clk 1:12:58]} b6 {[%clk 0:58:07]} 12. b4
{[%clk 1:06:07]} bxc5 {[%clk 0:50:10]} 13. bxc5 {[%clk 1:04:10]} Ba5
{[%clk 0:50:37]} 14. Bd3 {[%clk 0:53:50]} Bxc3 {[%clk 0:51:03]} 15. Bxc3
{[%clk 0:54:13]} Ne4 {[%clk 0:51:30]} 16. Bxe4 {[%clk 0:48:05]} dxe4
{[%clk 0:51:55]} 17. Qa4 {[%clk 0:46:01]} Qc7 {[%clk 0:52:07]} 18. O-O
{[%clk 0:45:53]} Nf6 {[%clk 0:52:30]} 19. d5 {[%clk 0:41:45]} exd5
{[%clk 0:52:53]} 20. Be5 {[%clk 0:38:49]} Qc8 {[%clk 0:49:55]} 21. Qd4
{[%clk 0:33:49]} O-O {[%clk 0:48:28]} 22. Bxf6 {[%clk 0:33:20]} gxf6 23. Qxf6
{[%clk 0:33:25]} Qe6 {[%clk 0:49:21]} 24. Qd4 {[%clk 0:33:10]} f5
{[%clk 0:44:35]} 25. Rab1 {[%clk 0:31:39]} Rfb8 {[%clk 0:41:04]} 26. Rb4
{[%clk 0:28:09]} Rxb4 {[%clk 0:40:36]} 27. axb4 {[%clk 0:28:31]} Qe7
{[%clk 0:29:01]} 28. b5 {[%clk 0:18:32]} Qe6 {[%clk 0:14:05]} 29. Rb1
{[%clk 0:11:31]} cxb5 {[%clk 0:12:42]} 30. Rxb5 {[%clk 0:11:55]} Qc6
{[%clk 0:12:54]} 31. Qb2 {[%clk 0:12:18]} Rf8 {[%clk 0:04:03]} 32. Rb7
{[%clk 0:07:16]} Qf6 {[%clk 0:04:31]} 33. Qb3 {[%clk 0:06:23]} Qc6
{[%clk 0:03:49]} 34. Qb2 {[%clk 0:06:35]} Qf6 {[%clk 0:04:04]} 35. Qxf6
{[%clk 0:02:06]} Rxf6 {[%clk 0:04:30]} 36. Rxa7 {[%clk 0:02:32]} Rc6
{[%clk 0:04:53]} 37. Ra5 {[%clk 0:02:56]} Rc8 {[%clk 0:04:47]} 38. Kf2
{[%clk 0:03:03]} Kf7 {[%clk 0:02:48]} 39. h3 {[%clk 0:03:17]} Rb8
{[%clk 0:02:22]} 40. Ra2 {[%clk 0:33:22]} Rc8 {[%clk 0:30:48]} 41. Rc2
{[%clk 0:32:04]} Rc6 {[%clk 0:31:13]} 42. g4 {[%clk 0:28:31]} fxg4
{[%clk 0:27:14]} 43. hxg4 {[%clk 0:28:49]} Ke6 {[%clk 0:26:21]} 44. Rc1
{[%clk 0:25:30]} Kd7 {[%clk 0:25:03]} 45. Kg3 {[%clk 0:14:40]} Ke6
{[%clk 0:22:14]} 46. Kh4 {[%clk 0:14:47]} Kf6 {[%clk 0:22:13]} 47. Rc2
{[%clk 0:15:01]} g5+ {[%clk 0:19:31]} 48. Kg3 {[%clk 0:14:43]} Kg6
{[%clk 0:19:37]} 49. fxg5 {[%clk 0:14:01]} Kxg5 {[%clk 0:20:03]} 50. Rc1
{[%clk 0:14:03]} 1-0

[Event "European Individual Chess Championship 2017"]
[Site "?"]
[Date "2017.06.08"]
[Round "9.57"]
[White "Alekseenko, Kirill"]
[Black "Hakobyan, Aram"]
[Result "1/2-1/2"]
[BlackElo "2449"]
[WhiteElo "2585"]
[LiveChessVersion "1.4.8"]

1. e4 {[%clk 1:30:52]} e5 {[%clk 1:30:01]} 2. Nf3 {[%clk 1:30:21]} Nc6
{[%clk 1:29:44]} 3. Bb5 {[%clk 1:29:43]} a6 {[%clk 1:28:02]} 4. Ba4
{[%clk 1:30:04]} Nf6 {[%clk 1:27:54]} 5. d3 {[%clk 1:27:41]} d6 {[%clk 1:27:52]}
6. c3 {[%clk 1:27:18]} Bd7 {[%clk 1:28:17]} 7. Nbd2 {[%clk 1:22:54]} g6
{[%clk 1:28:37]} 8. Nf1 {[%clk 1:21:58]} Bg7 {[%clk 1:28:57]} 9. Ng3
{[%clk 1:22:13]} O-O {[%clk 1:29:06]} 10. O-O {[%clk 1:22:35]} Kh8
{[%clk 1:24:19]} 11. h3 {[%clk 1:11:24]} Qe8 {[%clk 1:24:27]} 12. Bc2
{[%clk 1:09:41]} Ng8 {[%clk 1:16:47]} 13. d4 {[%clk 1:09:15]} f5 {[%clk 1:11:08]}
14. exf5 {[%clk 0:59:06]} gxf5 {[%clk 1:11:27]} 15. Nh4 {[%clk 0:53:52]} e4
{[%clk 0:52:08]} 16. Nh5 {[%clk 0:46:06]} Qe7 {[%clk 0:47:14]} 17. Nxg7
{[%clk 0:40:52]} Qxg7 {[%clk 0:42:34]} 18. d5 {[%clk 0:35:24]} Ne5
{[%clk 0:41:48]} 19. Bf4 {[%clk 0:27:29]} Ne7 {[%clk 0:40:12]} 20. f3
{[%clk 0:25:52]} Bb5 {[%clk 0:37:05]} 21. Re1 {[%clk 0:19:56]} Nd3
{[%clk 0:37:16]} 22. Be3 {[%clk 0:18:34]} Kg8 {[%clk 0:29:52]} 23. fxe4
{[%clk 0:15:05]} Nxe1 {[%clk 0:27:21]} 24. Qxe1 {[%clk 0:15:32]} f4
{[%clk 0:16:57]} 25. Bd4 {[%clk 0:15:49]} Qg5 {[%clk 0:17:06]} 26. e5
{[%clk 0:13:06]} Rae8 {[%clk 0:13:29]} 27. Nf3 {[%clk 0:09:43]} Qh6
{[%clk 0:13:41]} 28. Nh2 {[%clk 0:07:23]} dxe5 {[%clk 0:11:54]} 29. Ng4
{[%clk 0:06:57]} Qg5 {[%clk 0:08:02]} 30. Qxe5 {[%clk 0:07:04]} Qxe5
{[%clk 0:08:27]} 31. Bxe5 {[%clk 0:07:29]} Nf5 {[%clk 0:08:50]} 32. Bb3
{[%clk 0:03:36]} h5 {[%clk 0:06:11]} 33. Nf6+ {[%clk 0:03:45]} Rxf6
{[%clk 0:06:33]} 34. Bxf6 {[%clk 0:04:12]} Nd6 {[%clk 0:05:26]} 35. Bg5
{[%clk 0:04:36]} Rf8 {[%clk 0:02:16]} 36. Re1 {[%clk 0:03:09]} f3
{[%clk 0:02:44]} 37. gxf3 {[%clk 0:03:12]} Rxf3 {[%clk 0:03:13]} 38. h4
{[%clk 0:02:18]} Rg3+ {[%clk 0:00:46]} 39. Kh2 {[%clk 0:01:17]} Rd3
{[%clk 0:00:37]} 40. Re7 {[%clk 0:30:56]} Bc4 {[%clk 0:30:31]} 41. Bxc4
{[%clk 0:28:28]} Nxc4 {[%clk 0:26:20]} 42. Rxc7 {[%clk 0:28:46]} Nxb2
{[%clk 0:23:30]} 43. Rxb7 {[%clk 0:22:04]} Nc4 {[%clk 0:23:43]} 44. Rc7
{[%clk 0:20:30]} Ne5 {[%clk 0:23:51]} 45. Rc5 {[%clk 0:17:42]} Nd7
{[%clk 0:21:27]} 46. Rc8+ {[%clk 0:17:04]} Kf7 {[%clk 0:21:45]} 47. c4
{[%clk 0:17:12]} Ne5 {[%clk 0:22:07]} 48. Kg2 {[%clk 0:16:05]} Rd4
{[%clk 0:22:15]} 49. c5 {[%clk 0:13:57]} Rxd5 {[%clk 0:22:40]} 50. c6
{[%clk 0:14:12]} Rc5 {[%clk 0:21:36]} 51. c7 {[%clk 0:14:35]} Ng6
{[%clk 0:21:40]} 52. Kf2 {[%clk 0:11:27]} Ne7 {[%clk 0:20:55]} 53. Bxe7
{[%clk 0:09:33]} Kxe7 {[%clk 0:21:23]} 54. Kg3 {[%clk 0:04:24]} Rc4
{[%clk 0:15:56]} 55. Ra8 {[%clk 0:02:43]} Rxc7 {[%clk 0:16:20]} 56. Rxa6
{[%clk 0:03:10]} Rc4 {[%clk 0:16:30]} 57. a4 {[%clk 0:03:02]} Kf7
{[%clk 0:16:12]} 58. Ra5 {[%clk 0:02:01]} Rg4+ {[%clk 0:16:08]} 59. Kh3
{[%clk 0:02:28]} Rb4 {[%clk 0:16:06]} 60. Ra8 {[%clk 0:02:32]} Kf6
{[%clk 0:15:30]} 61. a5 {[%clk 0:02:30]} Rb3+ {[%clk 0:14:54]} 62. Kg2
{[%clk 0:02:56]} Ra3 {[%clk 0:14:51]} 63. Kf2 {[%clk 0:02:38]} Ra4
{[%clk 0:14:26]} 64. Kg3 {[%clk 0:02:09]} Rg4+ {[%clk 0:14:20]} 65. Kh3
{[%clk 0:02:34]} Ra4 {[%clk 0:14:46]} 66. Rf8+ {[%clk 0:02:52]} Ke6
{[%clk 0:15:03]} 67. Re8+ {[%clk 0:03:07]} Kf6 {[%clk 0:15:11]} 68. Ra8
{[%clk 0:03:34]} Kg7 {[%clk 0:15:32]} 69. Ra7+ {[%clk 0:03:42]} Kg6
{[%clk 0:15:54]} 70. a6 {[%clk 0:03:40]} Ra3+ {[%clk 0:16:22]} 71. Kg2
{[%clk 0:04:05]} Ra4 {[%clk 0:16:39]} 72. Ra8 {[%clk 0:03:57]} Kg7
{[%clk 0:17:00]} 73. Kg3 {[%clk 0:04:11]} Rg4+ {[%clk 0:17:21]} 74. Kf3
{[%clk 0:04:36]} Rxh4 {[%clk 0:17:40]} 1/2-1/2

[Event "European Individual Chess Championship 2017"]
[Site "?"]
[Date "2017.06.08"]
[Round "9.58"]
[White "Davtyan, Artur"]
[Black "Azarov, Sergei"]
[Result "1/2-1/2"]
[BlackElo "2582"]
[WhiteElo "2216"]
[LiveChessVersion "1.4.8"]

1. Nf3 {[%clk 1:30:41]} Nf6 {[%clk 1:30:28]} 2. d4 {[%clk 1:31:04]} e6
{[%clk 1:29:49]} 3. c4 {[%clk 1:31:24]} b6 {[%clk 1:29:53]} 4. g3
{[%clk 1:31:45]} Ba6 {[%clk 1:29:29]} 5. Qc2 {[%clk 1:32:09]} Bb4+
{[%clk 1:15:41]} 6. Bd2 {[%clk 1:31:48]} Be7 {[%clk 1:15:29]} 7. e4
{[%clk 1:30:59]} d5 {[%clk 1:11:22]} 8. cxd5 {[%clk 1:31:09]} Bxf1
{[%clk 1:11:28]} 9. Kxf1 {[%clk 1:31:35]} exd5 {[%clk 1:11:44]} 10. Nc3
{[%clk 1:31:53]} dxe4 {[%clk 0:59:39]} 11. Nxe4 {[%clk 1:32:17]} O-O
{[%clk 0:59:30]} 12. Kg2 {[%clk 1:30:37]} Qd5 {[%clk 0:54:21]} 13. Rhe1
{[%clk 1:29:24]} Nxe4 {[%clk 0:45:26]} 14. Qxe4 {[%clk 1:29:34]} Qxe4
{[%clk 0:45:47]} 15. Rxe4 {[%clk 1:30:00]} Bd6 {[%clk 0:46:10]} 16. Ne5
{[%clk 1:22:31]} Rd8 {[%clk 0:43:50]} 17. Nc4 {[%clk 1:17:26]} Bf8
{[%clk 0:43:23]} 18. Bf4 {[%clk 1:08:51]} Na6 {[%clk 0:43:05]} 19. Rd1
{[%clk 1:06:09]} f6 {[%clk 0:41:03]} 20. g4 {[%clk 0:55:06]} Rd7 {[%clk 0:30:42]}
21. Ne3 {[%clk 0:54:52]} Rad8 {[%clk 0:21:04]} 22. d5 {[%clk 0:54:44]} b5
{[%clk 0:19:25]} 23. Re6 {[%clk 0:50:10]} Nb4 {[%clk 0:15:29]} 24. a3
{[%clk 0:49:03]} Nxd5 {[%clk 0:15:10]} 25. Rxd5 {[%clk 0:48:58]} Rxd5
{[%clk 0:15:31]} 26. Nxd5 {[%clk 0:26:23]} Rxd5 {[%clk 0:15:55]} 27. Bxc7
{[%clk 0:21:52]} Rd2 {[%clk 0:12:56]} 28. b4 {[%clk 0:22:17]} Ra2
{[%clk 0:13:06]} 29. Re3 {[%clk 0:22:32]} Kf7 {[%clk 0:12:57]} 30. h3
{[%clk 0:16:22]} Rc2 {[%clk 0:09:33]} 31. Bf4 {[%clk 0:14:11]} g5
{[%clk 0:09:20]} 32. Bg3 {[%clk 0:14:00]} Be7 {[%clk 0:07:41]} 33. Rd3
{[%clk 0:08:25]} Ke6 {[%clk 0:05:38]} 34. Re3+ {[%clk 0:08:29]} Kf7
{[%clk 0:05:54]} 35. Rd3 {[%clk 0:08:44]} Ra2 {[%clk 0:05:25]} 36. Bb8
{[%clk 0:04:31]} a6 {[%clk 0:05:41]} 37. Ba7 {[%clk 0:04:20]} Ke6
{[%clk 0:03:22]} 38. Re3+ {[%clk 0:04:29]} Kf7 {[%clk 0:03:18]} 39. Rc3
{[%clk 0:03:50]} 1/2-1/2

[Event "European Individual Chess Championship 2017"]
[Site "?"]
[Date "2017.06.08"]
[Round "9.59"]
[White "Antipov, Mikhail Al."]
[Black "Pavlov, Sergey"]
[Result "1-0"]
[BlackElo "2432"]
[WhiteElo "2576"]
[LiveChessVersion "1.4.8"]

1. e4 {[%clk 1:30:57]} Nf6 {[%clk 1:30:35]} 2. e5 {[%clk 1:31:20]} Nd5
{[%clk 1:31:00]} 3. d4 {[%clk 1:31:33]} d6 {[%clk 1:31:22]} 4. Nf3
{[%clk 1:32:00]} dxe5 {[%clk 1:31:25]} 5. Nxe5 {[%clk 1:32:10]} c6
{[%clk 1:31:35]} 6. Nc3 {[%clk 1:21:42]} Nxc3 {[%clk 1:23:13]} 7. bxc3
{[%clk 1:22:06]} Nd7 {[%clk 1:23:29]} 8. f4 {[%clk 1:21:01]} Nxe5
{[%clk 1:16:53]} 9. fxe5 {[%clk 1:21:25]} Qd5 {[%clk 1:17:10]} 10. Qd3
{[%clk 1:03:48]} g6 {[%clk 1:14:15]} 11. c4 {[%clk 1:03:54]} Qd8 {[%clk 1:10:59]}
12. Bf4 {[%clk 0:50:08]} Bg7 {[%clk 1:06:31]} 13. Qe3 {[%clk 0:49:41]} O-O
{[%clk 0:55:41]} 14. Bd3 {[%clk 0:47:22]} Qa5+ {[%clk 0:50:51]} 15. Qd2
{[%clk 0:47:45]} Qxd2+ {[%clk 0:47:29]} 16. Kxd2 {[%clk 0:48:13]} f6
{[%clk 0:33:54]} 17. Rae1 {[%clk 0:44:06]} fxe5 18. Bxe5 {[%clk 0:44:27]} Bh6+
{[%clk 0:31:11]} 19. Kc3 {[%clk 0:44:50]} Bf5 {[%clk 0:28:28]} 20. Be2
{[%clk 0:42:13]} Rad8 {[%clk 0:24:40]} 21. Bf3 {[%clk 0:41:20]} Rf7
{[%clk 0:24:02]} 22. Re2 {[%clk 0:36:29]} Bg7 {[%clk 0:18:47]} 23. Rb1
{[%clk 0:21:55]} Bc8 {[%clk 0:18:45]} 24. a4 {[%clk 0:19:30]} Bxe5
{[%clk 0:13:01]} 25. Rxe5 {[%clk 0:18:55]} Kf8 {[%clk 0:13:11]} 26. a5
{[%clk 0:18:08]} a6 {[%clk 0:12:52]} 27. c5 {[%clk 0:11:41]} e6 {[%clk 0:08:17]}
28. Kd3 {[%clk 0:01:13]} Rf5 {[%clk 0:04:32]} 29. Rbe1 {[%clk 0:01:37]} Ke7
{[%clk 0:03:39]} 30. Bg4 {[%clk 0:00:50]} Rxe5 {[%clk 0:01:54]} 31. Rxe5
{[%clk 0:01:19]} Rf8 {[%clk 0:01:48]} 32. Re1 {[%clk 0:01:01]} Rf4
{[%clk 0:01:08]} 33. Bf3 {[%clk 0:01:25]} g5 {[%clk 0:01:04]} 34. h3
{[%clk 0:00:47]} Kf6 {[%clk 0:00:47]} 35. Bg4 {[%clk 0:00:38]} Ke7
{[%clk 0:00:38]} 36. c4 {[%clk 0:00:34]} Rf2 {[%clk 0:00:40]} 37. d5
{[%clk 0:00:50]} cxd5 {[%clk 0:00:39]} 38. cxd5 {[%clk 0:01:18]} Rxg2
{[%clk 0:00:46]} 39. Bxe6 {[%clk 0:00:49]} Kd8 {[%clk 0:00:39]} 40. Bxc8
{[%clk 0:30:34]} Kxc8 {[%clk 0:31:05]} 41. d6 {[%clk 0:23:01]} Ra2
{[%clk 0:23:19]} 42. Re8+ {[%clk 0:22:28]} Kd7 {[%clk 0:23:48]} 43. Re7+
{[%clk 0:22:48]} Kc8 {[%clk 0:24:10]} 44. Rc7+ {[%clk 0:23:07]} Kb8
{[%clk 0:24:12]} 45. Rxh7 {[%clk 0:23:31]} Kc8 {[%clk 0:24:30]} 46. Kd4
{[%clk 0:19:04]} Rxa5 {[%clk 0:23:10]} 47. Rh8+ {[%clk 0:19:26]} Kd7
{[%clk 0:23:34]} 48. Rb8 {[%clk 0:19:30]} Rb5 {[%clk 0:23:23]} 49. Kd5
{[%clk 0:19:53]} 1-0

[Event "European Individual Chess Championship 2017"]
[Site "?"]
[Date "2017.06.08"]
[Round "9.60"]
[White "Podolchenko, Evgeniy"]
[Black "Grigoriants, Sergey"]
[Result "0-1"]
[BlackElo "2576"]
[WhiteElo "2398"]
[LiveChessVersion "1.4.8"]

1. d4 {[%clk 1:30:55]} Nf6 {[%clk 1:30:26]} 2. c4 {[%clk 1:31:20]} e6
{[%clk 1:28:23]} 3. Nf3 {[%clk 1:31:42]} b6 {[%clk 1:25:25]} 4. g3
{[%clk 1:32:05]} Bb7 {[%clk 1:24:50]} 5. Bg2 {[%clk 1:32:29]} Bb4+
{[%clk 1:25:13]} 6. Bd2 {[%clk 1:30:13]} c5 {[%clk 1:23:31]} 7. O-O
{[%clk 1:24:08]} O-O {[%clk 1:21:13]} 8. dxc5 {[%clk 1:08:12]} Bxc5
{[%clk 1:11:31]} 9. Nc3 {[%clk 1:08:05]} Be7 {[%clk 1:00:20]} 10. Bf4
{[%clk 1:05:56]} d6 {[%clk 0:59:00]} 11. Qd2 {[%clk 0:49:47]} Qc8
{[%clk 0:55:39]} 12. Rac1 {[%clk 0:47:40]} Rd8 {[%clk 0:55:04]} 13. Rfd1
{[%clk 0:35:48]} Nbd7 {[%clk 0:31:39]} 14. Bxd6 {[%clk 0:24:00]} Nf8
{[%clk 0:30:36]} 15. Nb5 {[%clk 0:24:24]} Ne4 {[%clk 0:30:34]} 16. Qb4
{[%clk 0:23:16]} Nxd6 {[%clk 0:27:39]} 17. Rxd6 {[%clk 0:22:26]} a6
{[%clk 0:26:24]} 18. c5 {[%clk 0:18:21]} bxc5 {[%clk 0:14:33]} 19. Rxd8
{[%clk 0:10:20]} Qxd8 {[%clk 0:14:41]} 20. Qf4 {[%clk 0:10:43]} axb5
{[%clk 0:12:53]} 21. Ne5 {[%clk 0:10:40]} Bxg2 {[%clk 0:08:43]} 22. Qxf7+
{[%clk 0:06:28]} Kh8 {[%clk 0:09:03]} 23. Kxg2 {[%clk 0:06:55]} Qd5+
{[%clk 0:09:07]} 24. Qf3 {[%clk 0:07:20]} Rxa2 {[%clk 0:06:18]} 25. Nc6
{[%clk 0:07:13]} Bd6 {[%clk 0:05:23]} 26. Nd8 {[%clk 0:05:05]} Qxf3+
{[%clk 0:03:52]} 27. Kxf3 {[%clk 0:05:32]} Kg8 {[%clk 0:03:34]} 0-1

[Event "European Individual Chess Championship 2017"]
[Site "?"]
[Date "2017.06.08"]
[Round "9.61"]
[White "Abasov, Nijat"]
[Black "Usmanov, Vasily"]
[Result "1-0"]
[BlackElo "2443"]
[WhiteElo "2575"]
[LiveChessVersion "1.4.8"]

1. d4 {[%clk 1:30:42]} Nf6 {[%clk 1:30:56]} 2. c4 {[%clk 1:30:59]} e6
{[%clk 1:31:23]} 3. Nf3 {[%clk 1:31:18]} Bb4+ {[%clk 1:31:48]} 4. Nbd2
{[%clk 1:31:39]} O-O {[%clk 1:31:55]} 5. a3 {[%clk 1:32:01]} Be7 {[%clk 1:32:22]}
6. e4 {[%clk 1:32:18]} d6 {[%clk 1:32:48]} 7. Be2 {[%clk 1:32:36]} a5
{[%clk 1:27:47]} 8. Qc2 {[%clk 1:26:52]} Nfd7 {[%clk 1:28:05]} 9. b3
{[%clk 1:23:08]} e5 {[%clk 1:28:20]} 10. Bb2 {[%clk 1:14:29]} exd4
{[%clk 1:28:40]} 11. Nxd4 {[%clk 1:14:52]} Nc6 {[%clk 1:29:01]} 12. Rd1
{[%clk 1:08:01]} Bf6 {[%clk 1:27:35]} 13. N2f3 {[%clk 1:08:00]} Re8
{[%clk 1:27:17]} 14. O-O {[%clk 1:06:56]} Nxd4 {[%clk 1:21:19]} 15. Nxd4
{[%clk 1:05:11]} Nc5 {[%clk 1:21:26]} 16. Bf3 {[%clk 1:01:38]} Bd7
{[%clk 1:19:51]} 17. Rfe1 {[%clk 1:01:10]} Be5 {[%clk 1:17:30]} 18. Nb5
{[%clk 1:00:35]} Bc6 {[%clk 1:07:29]} 19. Bd4 {[%clk 0:40:13]} Bxd4
{[%clk 1:05:42]} 20. Nxd4 {[%clk 0:38:23]} Qf6 {[%clk 0:54:31]} 21. Nxc6
{[%clk 0:34:35]} bxc6 {[%clk 0:52:13]} 22. b4 {[%clk 0:33:10]} axb4
{[%clk 0:52:39]} 23. axb4 {[%clk 0:33:32]} Ne6 {[%clk 0:52:49]} 24. e5
{[%clk 0:33:27]} dxe5 {[%clk 0:53:11]} 25. Bxc6 {[%clk 0:33:03]} Nd4
{[%clk 0:53:29]} 26. Rxd4 {[%clk 0:33:26]} Qxc6 {[%clk 0:53:47]} 27. Rd5
{[%clk 0:32:40]} e4 {[%clk 0:45:25]} 28. h3 {[%clk 0:31:35]} Qg6 {[%clk 0:45:08]}
29. Qd2 {[%clk 0:25:25]} h6 {[%clk 0:44:49]} 30. b5 {[%clk 0:20:52]} Qf6 31. Rd7
Re7 {[%clk 0:30:29]} 32. Rxe7 {[%clk 0:17:37]} Qxe7 {[%clk 0:30:46]} 33. Qd5
{[%clk 0:17:59]} Re8 {[%clk 0:31:10]} 34. Re3 {[%clk 0:12:37]} Qe5 35. Qxe5
{[%clk 0:10:04]} Rxe5 {[%clk 0:20:04]} 36. f3 {[%clk 0:10:27]} f5
{[%clk 0:20:25]} 37. fxe4 {[%clk 0:10:52]} f4 {[%clk 0:19:14]} 38. Re2
{[%clk 0:07:57]} Kf7 {[%clk 0:17:00]} 39. Rd2 {[%clk 0:04:54]} Ke6
{[%clk 0:07:15]} 40. Rd4 {[%clk 0:33:57]} g5 {[%clk 0:34:24]} 41. Kf2
{[%clk 0:33:46]} Rc5 {[%clk 0:24:55]} 42. Kf3 {[%clk 0:32:22]} Kf6
{[%clk 0:22:26]} 43. Kg4 {[%clk 0:21:07]} Kg6 {[%clk 0:22:51]} 44. h4
{[%clk 0:21:16]} h5+ {[%clk 0:23:19]} 45. Kf3 {[%clk 0:21:37]} gxh4
{[%clk 0:23:47]} 46. Kxf4 {[%clk 0:21:25]} Rg5 {[%clk 0:24:14]} 47. Rd8
{[%clk 0:18:31]} Rg4+ {[%clk 0:19:09]} 48. Ke5 {[%clk 0:18:54]} Rg5+
{[%clk 0:16:41]} 49. Ke6 {[%clk 0:19:11]} Rg4 {[%clk 0:17:08]} 50. Ke5
{[%clk 0:13:48]} Rg5+ {[%clk 0:17:18]} 51. Kf4 {[%clk 0:12:23]} Rg4+
{[%clk 0:17:17]} 52. Kf3 {[%clk 0:12:51]} Rg3+ {[%clk 0:17:41]} 53. Kf2
{[%clk 0:13:18]} Rc3 {[%clk 0:16:17]} 54. Rc8 {[%clk 0:13:38]} Kg5
{[%clk 0:12:07]} 55. Rxc7 {[%clk 0:13:21]} Kf4 {[%clk 0:12:35]} 56. b6
{[%clk 0:10:21]} Rc2+ {[%clk 0:13:03]} 57. Kg1 {[%clk 0:10:39]} h3
{[%clk 0:12:43]} 58. gxh3 {[%clk 0:11:04]} h4 {[%clk 0:11:06]} 59. Rf7+
{[%clk 0:09:27]} Ke3 {[%clk 0:11:31]} 60. Rf1 {[%clk 0:08:06]} Rxc4
{[%clk 0:03:41]} 61. Rb1 {[%clk 0:08:09]} Rc8 {[%clk 0:04:09]} 62. b7
{[%clk 0:08:30]} Rg8+ {[%clk 0:04:38]} 63. Kh2 {[%clk 0:07:42]} Rb8
{[%clk 0:04:39]} 64. e5 {[%clk 0:08:07]} Ke2 {[%clk 0:04:13]} 65. e6
{[%clk 0:08:19]} Kf2 {[%clk 0:04:37]} 66. e7 {[%clk 0:08:34]} Kf3
{[%clk 0:04:59]} 67. Rf1+ {[%clk 0:08:24]} Ke2 {[%clk 0:05:06]} 68. Rf8
{[%clk 0:08:47]} 1-0

[Event "European Individual Chess Championship 2017"]
[Site "?"]
[Date "2017.06.08"]
[Round "9.62"]
[White "Moroni, Luca Jr"]
[Black "Svane, Rasmus"]
[Result "0-1"]
[BlackElo "2573"]
[WhiteElo "2448"]
[LiveChessVersion "1.4.8"]

1. c4 {[%clk 1:30:59]} c6 {[%clk 1:30:16]} 2. d4 {[%clk 1:30:56]} d5
{[%clk 1:30:40]} 3. Nc3 {[%clk 1:31:22]} Nf6 {[%clk 1:31:00]} 4. cxd5
{[%clk 1:31:42]} cxd5 {[%clk 1:31:06]} 5. Bf4 {[%clk 1:32:07]} Nc6
{[%clk 1:24:29]} 6. e3 {[%clk 1:30:49]} Bf5 {[%clk 1:24:35]} 7. Qb3
{[%clk 1:31:09]} Na5 {[%clk 1:24:56]} 8. Qa4+ {[%clk 1:31:36]} Bd7
{[%clk 1:25:19]} 9. Qc2 {[%clk 1:32:02]} e6 {[%clk 1:23:00]} 10. Bd3
{[%clk 1:32:28]} Nh5 {[%clk 1:06:35]} 11. Be5 {[%clk 1:26:11]} Nc6
{[%clk 0:58:23]} 12. Qe2 {[%clk 1:18:40]} Nxe5 {[%clk 0:47:50]} 13. dxe5
{[%clk 1:16:45]} g6 {[%clk 0:47:44]} 14. Nf3 {[%clk 1:12:18]} Bc5
{[%clk 0:43:40]} 15. Rc1 {[%clk 1:04:41]} Rc8 {[%clk 0:40:58]} 16. O-O
{[%clk 1:03:22]} O-O {[%clk 0:37:54]} 17. Rfd1 {[%clk 1:00:43]} Qe7
{[%clk 0:25:38]} 18. a3 {[%clk 0:55:38]} a6 {[%clk 0:24:44]} 19. Qd2
{[%clk 0:48:49]} Rfd8 {[%clk 0:24:50]} 20. h3 {[%clk 0:38:53]} Be8
{[%clk 0:21:14]} 21. Ne2 {[%clk 0:36:12]} Bb6 {[%clk 0:13:59]} 22. Ned4
{[%clk 0:34:56]} f6 {[%clk 0:10:53]} 23. exf6 {[%clk 0:30:32]} Nxf6
{[%clk 0:10:58]} 24. Ne5 {[%clk 0:28:55]} Nd7 {[%clk 0:10:41]} 25. Nxd7
{[%clk 0:27:40]} Bxd7 {[%clk 0:11:04]} 26. Bb1 {[%clk 0:26:54]} Rxc1
{[%clk 0:09:58]} 27. Rxc1 {[%clk 0:27:17]} e5 {[%clk 0:09:59]} 28. Ne2
{[%clk 0:26:54]} Bc6 {[%clk 0:09:51]} 29. Ba2 {[%clk 0:25:12]} Kg7
{[%clk 0:10:09]} 30. Nc3 {[%clk 0:22:46]} d4 {[%clk 0:09:58]} 31. exd4
{[%clk 0:23:01]} Rxd4 {[%clk 0:08:54]} 32. Qe1 {[%clk 0:19:58]} Qg5
{[%clk 0:08:47]} 33. g3 {[%clk 0:20:17]} Rd2 {[%clk 0:07:31]} 0-1